| 000 | 00382nam a2200145 a 4500 | ||
|---|---|---|---|
| 001 | 1502 | ||
| 003 | CDMR | ||
| 005 | 20130116135211.0 | ||
| 008 | 130130s1964||||||||||||||||||||||||||||d | ||
| 040 |
_aCDMR _bcat _cCDMR |
||
| 100 | 1 |
_aAymard, André _91135 |
|
| 245 | 1 | 0 |
_aHistoria general de las civilizaciones _bVol. II. Roma y su Imperio |
| 260 |
_aBarcelona _c1964 _bDestino |
||
| 942 | _cMON | ||
| 999 |
_c1502 _d1502 |
||